Environmental science handbook: for architects and builders. (Record no. 62761)

MARC details
000 -LEADER
fixed length control field 00975nam a2200181 a 4500
008 - FIXED-LENGTH DATA ELEMENTS--GENERAL INFORMATION
fixed length control field 120416s1980 ||||||||||||||||| || u
050 ## - LIBRARY OF CONGRESS CALL NUMBER
Classification number NA 2510 Szo
100 ## - MAIN ENTRY--PERSONAL NAME
Personal name Szokolay, S. V
245 10 - TITLE STATEMENT
Title Environmental science handbook: for architects and builders.
260 ## - PUBLICATION, DISTRIBUTION, ETC.
Place of publication, distribution, etc. Lancester
Name of publisher, distributor, etc. Construction Press
Date of publication, distribution, etc. 1980
300 ## - PHYSICAL DESCRIPTION
Extent iv, 532p. : ill.
350 ## -
-- 0.00
650 ## - SUBJECT ADDED ENTRY--TOPICAL TERM
Topical term or geographic name entry element ARCHITECTURAL DESIGN--EVALUATION
995 ## -
-- REFERENCE BOOKS
-- 0.00
-- 704666
-- CBU-MAIN LIBRARY (Kitwe)
-- 4
-- 0.00
-- NA 2510 Szo
-- 4
-- REFERENCE
-- 022867
-- Reference Collection
995 ## -
-- REFERENCE BOOKS
-- 0.00
-- 704586
-- CBU-MAIN LIBRARY (Kitwe)
-- 1
-- 0.00
-- NA 2510 Szo
-- 1
-- REFERENCE
-- 022869
-- Reference Collection
995 ## -
-- REFERENCE BOOKS
-- 0.00
-- 704667
-- CBU-MAIN LIBRARY (Kitwe)
-- 3
-- 0.00
-- NA 2510 Szo
-- 3
-- REFERENCE
-- 022866
-- Reference Collection
995 ## -
-- MAIN LIBRARY OPEN ACCESS
-- 0.00
-- 714290
-- CBU-MAIN LIBRARY (Kitwe)
-- 2
-- 0.00
-- NA 2510 Szo
-- 2
-- AVAILABLE
-- 022868
-- Main Library Open Access Collection
999 ## -
-- 62761
-- 62761
Holdings
Withdrawn status Lost status Source of classification or shelving scheme Damaged status Not for loan Permanent Location Current Location Shelving location Date acquired Total Checkouts Full call number Barcode Date last seen Price effective from Koha item type
          CBU-MAIN LIBRARY, KITWE. CBU-MAIN LIBRARY, KITWE.   12/16/2022   NA 2510 Szo 022867 12/16/2022 12/16/2022 MONOGRAPH
          CBU-MAIN LIBRARY, KITWE. CBU-MAIN LIBRARY, KITWE.   12/16/2022   NA 2510 Szo 022869 12/16/2022 12/16/2022 MONOGRAPH
          CBU-MAIN LIBRARY, KITWE. CBU-MAIN LIBRARY, KITWE.   12/16/2022   NA 2510 Szo 022866 12/16/2022 12/16/2022 MONOGRAPH
          CBU-MAIN LIBRARY, KITWE. CBU-MAIN LIBRARY, KITWE.   12/16/2022   NA 2510 Szo 022868 12/16/2022 12/16/2022 MONOGRAPH